书目信息 |
| 题名: |
生理生化学
|
|
| 作者: | 《生理生化学》编写修订组修编 | |
| 分册: | ||
| 出版信息: | 北京 战士出版社 1981 |
|
| 页数: | 499页 | |
| 开本: | 19cm | |
| 丛书名: | ||
| 单 册: | ||
| 中图分类: | Q5 | |
| 科图分类: | ||
| 主题词: | 生物化学 | |
| 电子资源: | ||
| ISBN: | ||
| 000 | 00582nam0 2200229 45 | |
| 001 | 0181005115 | |
| 005 | 20040525084346.3 | |
| 010 | @dCNY1.50 | |
| 091 | @a14185.14 | |
| 100 | @a19950415d1981 em y0chiy0121 ea | |
| 101 | 0 | @achi |
| 102 | @aCN@b110000 | |
| 105 | @ay z 000yy | |
| 106 | @ar | |
| 200 | 10 | @a生理生化学@Asheng li sheng hua xue@f《生理生化学》编写修订组修编 |
| 210 | @a北京@c战士出版社@d1981 | |
| 215 | @a499页@d19cm | |
| 606 | @a生物化学 | |
| 690 | @aQ5@v3 | |
| 801 | 0 | @aCN@b上海图书馆@c20040525 |
| 801 | 2 | @aCN@bNLC@c20040525 |
| 905 | @f2@b48338-339@dQ5@e10 | |
| 生理生化学/《生理生化学》编写修订组修编.-北京:战士出版社,1981 |
| 499页;19cm |
| ISBN :CNY1.50 |
| ● |
| 相关链接 |
|
|
|
|
正题名:生理生化学
索取号:Q5/10
 
预约/预借
| 序号 | 登录号 | 条形码 | 馆藏地/架位号 | 状态 | 备注 |
| 1 | 0048338 | 000076571 | 密集书库/ [索取号:Q5/10] | 在馆 | |
| 2 | 0048339 | 000076580 | 第三借阅区/ [索取号:Q5/10] | 在馆 | |
| 3 | 0048340 | 000076562 | 第二样本阅览室/ [索取号:Q5/10] | 在馆 |